• 首页
  • 本馆介绍
  • 公告通知
  • 最新文献
  • 馆藏检索
  • 电子资源
  • 读者导购
  • 参考咨询
  • 我的图书馆
  • 登录
  • 详细信息显示
  • 放入我的书架
  • 预约/预借图书
  • 作者相关作品
  • 分类相关作品
  • 丛书相关作品
  • 出版社相关作品

书目信息

  • 表格格式
  • 工作单格式
  • 卡片格式
题名:
人力资源管理心理学
    
 
作者: 朱永新 主编
分册:  
出版信息: 北京   人民教育出版社  2011
页数: 591页
开本: 23cm
丛书名:
单 册:
中图分类: F241-05
科图分类:
主题词: 人力资源管理--管理心理学--高等教育--教材 , 人力资源管理 , 管理心理学
电子资源:
ISBN: 978-7-107-23072-1
000 00927nam0 22002651 45
001 1354504186
005 20130510101411.29
010    @a978-7-107-23072-1@dCNY43.60
100    @a20130108d2011 em y0chiy50 ea
101 0  @achi
102    @aCN@b110000
105    @ay z 000yy
106    @ar
200 1  @a人力资源管理心理学@ARen Li Zi Yuan Guan Li Xin Li Xue@f朱永新主编@FZhu Yong Xin Zhu Bian
210    @a北京@c人民教育出版社@d2011
215    @a591页@d23cm
300    @a普通高等教育“十一五”国家级规划教材
330    @a本书阐述了人力资源管理心理学的基本概念和基本原理,内容包括:人员激励心理、人员招聘心理、人员培训心理、绩效管理心理、绩效考评心理、薪酬管理心理等。
606 0  @a人力资源管理@x管理心理学@x高等教育@j教材
606 0  @a人力资源管理
606 0  @a管理心理学
690    @aF241-05@v5
701  0 @a朱永新@AZhu Yong Xin@4主编
801    @aCN@bTANGWEI@c20130108
905    @b0830377-79@dF241-05@e98@f3
    
    人力资源管理心理学/朱永新主编.-北京:人民教育出版社,2011
    591页;23cm
    普通高等教育“十一五”国家级规划教材
    
    ISBN 978-7-107-23072-1:CNY43.60
    本书阐述了人力资源管理心理学的基本概念和基本原理,内容包括:人员激励心理、人员招聘心理、人员培训心理、绩效管理心理、绩效考评心理、薪酬管理心理等。
●
相关链接 在E读中查询图书 在五车中查询图书 在当当中查询图书 在豆瓣中查询图书


正题名:人力资源管理心理学     索取号:F241-05/98         预约/预借

序号 登录号 条形码 馆藏地/架位号 状态 备注
1 0830377   208303771   第一样本阅览室/ [索取号:F241-05/98] 在馆    
2 0830378   208303780   教育系资料室/ [索取号:F241-05/98] 在馆    
3 0830379   208303799   第一借阅区/ [索取号:F241-05/98] 在馆    
唐山师范学院图书馆 欢迎您!
大连网信软件有限公司© 版权所有